000 00553cam a22001933a 4500
001 38817
003 PGUSA
005 20140828083845.0
008 120210s2012||||xxu|||||s|||||000 | eng d
040 _aPGUSA
_beng
042 _adc
245 1 4 _aThe Irish Penny Journal, No. 1, Vol. 1, July 4, 1840
_h[electronic resource] /
_cVarious
260 _bProject Gutenberg,
_c2012
506 _aPublic domain in the USA.
516 _aElectronic text
830 0 _aProject Gutenberg
_v38817
856 4 0 _uhttp://www.gutenberg.org/ebooks/38817
942 _cEB
999 _c268071
_d268071